书目信息 |
| 题名: |
“猫王”普雷斯利
|
|
| 作者: | 马修斯, , 马修斯 著 ;唐晓萌 译 | |
| 分册: | ||
| 出版信息: | 北京 外语教学与研究出版社 2004.02 |
|
| 页数: | 101页 | |
| 开本: | 17x17cm | |
| 丛书名: | 名人风景线 | |
| 单 册: | ||
| 中图分类: | H319.4 , H319.4 | |
| 科图分类: | ||
| 主题词: | 英语--ying yu--汉语--对照读物 , 音乐家--yin yue jia--生平事迹--美国--现代 | |
| 电子资源: | ||
| ISBN: | 7-5600-3849-2 | |
| 000 | 01301cam 2200361 45 | |
| 001 | 1301 | |
| 005 | 20050603110431.67 | |
| 010 | @a7-5600-3849-2@dCNY 11.00 | |
| 099 | @aCAL 012004062705 | |
| 100 | @a20040614d2004 em y0chiy0121 ea | |
| 101 | 2 | @achi@aeng |
| 102 | @aCN@b110000 | |
| 105 | @aac z 000yb | |
| 200 | 1 | @a“猫王”普雷斯利@A“ mao wang ” pu lei si li@d= Elvis Presley@f(英)马修斯著@F(ying)ma xiu si zhu@g唐晓萌译@zeng |
| 210 | @a北京@c外语教学与研究出版社@d2004.02 | |
| 215 | @a101页@c图, 肖像@d17x17cm | |
| 225 | 2 | @a名人风景线@Aming ren feng jing xian@e英汉双语@h第2辑 |
| 314 | @a责任者规范汉译姓: 马修斯 | |
| 330 | @a本书是计划出版的“名人风景线”中的一本,讲述的是20世纪五六十年代美国摇滚艺人埃尔维斯·普雷斯利,概述了他的成长经历以及他对美国社会所带来的影响。 | |
| 410 | 0 | @12001 @a名人风景线 |
| 510 | 1 | @aElvis Presley@zeng |
| 606 | 0 | @a英语@Aying yu@x汉语@j对照读物 |
| 606 | 0 | @a音乐家@Ayin yue jia@x生平事迹@y美国@z现代 |
| 690 | @aH319.4@v4 | |
| 690 | @aH319.4@v3 | |
| 701 | 1 | @a马修斯,@Ama xiu si@bR.@g(Matthews, Rupert)@4著 |
| 701 | 0 | @a马修斯@Ama xiu si@4著 |
| 702 | 0 | @a唐晓萌@Atang xiao meng@4译 |
| 801 | 0 | @aCN@bBUPT@c20050603 |
| 801 | 0 | @aCN@bNMU@c20040803 |
| 905 | @a10447@dH319.4@eM191 | |
| 906 | @dCNY11.00@n0@r1 | |
| 998 | @aBUPT | |
| “猫王”普雷斯利= Elvis Presley/(英)马修斯著/唐晓萌译.-北京:外语教学与研究出版社,2004.02 |
| 101页:图, 肖像;17x17cm.-(名人风景线:英汉双语.第2辑) |
| ISBN 7-5600-3849-2:CNY 11.00 |
| 本书是计划出版的“名人风景线”中的一本,讲述的是20世纪五六十年代美国摇滚艺人埃尔维斯·普雷斯利,概述了他的成长经历以及他对美国社会所带来的影响。 |
| ● |
| 相关链接 |
|
|
|
正题名:"猫王"普雷斯利
索取号:H319.4/M191
 
预约/预借
| 序号 | 登录号 | 条形码 | 馆藏地/架位号 | 状态 | 备注 |
| 1 | 530604 | 205306042 | 语言库209/209语言库 47排2列3层/ [索取号:H319.4/M191] | 在馆 | |
| 2 | 530605 | 205306051 | 语言库209/209语言库 47排2列3层/ [索取号:H319.4/M191] | 在馆 | |
| 3 | 530606 | 205306060 | 语言库209/209语言库 47排2列3层/ [索取号:H319.4/M191] | 在馆 |